| 000 | 00986nam a2200253 i 4500 | ||
|---|---|---|---|
| 003 | IT-RoINE | ||
| 005 | 20190109090752.0 | ||
| 008 | 041027s2005 it r 000 | ita d | ||
| 020 | _a8826315450 | ||
| 245 | 0 | 0 |
_aMaria, Madre del Signore nei Padri della Chiesa / _channo collaborato: Ferruccio Gastaldelli ... [et al.] |
| 260 |
_aRoma : _bBorla, _c2005. |
||
| 300 |
_a388 p. ; _c20 cm. |
||
| 336 |
_2rdacontent _atext |
||
| 337 |
_2rdamedia _aunmediated |
||
| 338 |
_2rdacarrier _avolume |
||
| 490 | 1 |
_aDizionario di spiritualità biblico-patristica ; _v41 |
|
| 504 | _aIncluye referencias bibliográficas en notas, al final de cada capítulo. | ||
| 600 | 0 | 4 |
_913665 _aMaría, _cSanta Virgen _xEnseñanza patrística |
| 630 | 4 |
_97791 _aBiblia _xEnseñanza patrística |
|
| 630 | 4 |
_9677 _aBiblia _xCrítica, interpretación, etc. |
|
| 700 | 1 |
_aGastaldelli, Ferruccio, _cS.D.B., _d1927- _933814 |
|
| 830 | 0 |
_aDizionario di spiritualità biblico-patristica ; _933565 _v41 |
|
| 942 | _cMTS | ||
| 999 |
_c16914 _d16914 |
||